Normal view
MARC view
Entry Personal Name
001 - CONTROL NUMBER
- control field: 1235115
003 - CONTROL NUMBER IDENTIFIER
- control field: OSt
005 - DATE AND TIME OF LATEST TRANSACTION
- control field: 20260417173228.0
008 - FIXED-LENGTH DATA ELEMENTS
- fixed length control field: 260417|| aca||aabn | a|a d
040 ## - CATALOGING SOURCE
- Original cataloging agency: OSt
- Transcribing agency: OSt
100 ## - HEADING--PERSONAL NAME
- Personal name: पारीक, मीनाक्षी, ले
670 ## - SOURCE DATA FOUND
- Source citation: Work cat.: (OSt)888136: पारीक, मीनाक्षी, ले., निरूक्त के पूर्वषट्टक में उदाह्त मत्रो का समीक्षात्मक अध्ययन, 2005
